01712cam a22003734i 4500003000900000005001700009008004100026020001500067035002700082040003300109082001800142245034900160264006300509300006300572336002100635337002500656338002300681504004000704505043500744526000901179526000901188526000901197526000901206526000901215526000901224526000801233526000801241526000801249526000801257526000801265526000801273650003301281700002401314PE-LiUPU20250731184529.0150623s1998 miua rb 000 0 eng d a0802838405 a(Sirsi) i9780802838407 aPE-LiUPUbspacPE-LiUPUerda04a930221bA54100aAncient history in a modern university : proceedings of a conference held at Macquarie University, 8-13 July, 1993 : to mark twenty-five years of the teaching of ancient history at Macquarie University and the retirement from the chair of professor Edwin Judge :bThe ancient Near East, Greece, and Rome /ceditado por T.W. Hillard .. [et al.]. 1aMichigan :bWilliam B. Eerdmans Publishing Company,c1998. a435 páginas :bilustraciones láms. ;c25 centímetros atext2rdacontent aunmediated2rdamedia avolume2rdacarrier aBibliografía al pie de páginas.0 aThe study of antiquity: vaious approaches to antiquity -- The archaeology and history of the ancient near east : the people of ancient egypt -- Anatolia, Mesopotamia and Syria/Palestine -- Greek and Roman history: archaic and classical Greece -- Alexander and Hellenism in Egypt -- The Roman state and people -- Roman in the Mid-First century B.C. -- The age off the caesars: literature and archaeology -- The classical tradition. aP136 aP135 aP134 aP133 aP144 aP143 aP87 aP35 aP20 aP14 aP10 aP0614aHistoria AntiguaxCongresos.1 aHillard, T. W.,ed.